|
|
|
|
| LEADER |
00897nam a2200229 i 4500 |
| 001 |
acta58527 |
| 005 |
20240531105241.0 |
| 008 |
190515s2017 hu o 000 eng d |
| 020 |
|
|
|a 978-615-5372-83-4
|
| 024 |
7 |
|
|a 10.14232/belvbook.2017.58527
|2 doi
|
| 040 |
|
|
|a SZTE Egyetemi Kiadványok Repozitórium
|b hun
|
| 041 |
|
|
|a eng
|
| 100 |
1 |
|
|a Puskás Andrea
|
| 245 |
1 |
0 |
|a Assessing young learners in the English language classroom
|h [elektronikus dokumentum] /
|c Puskás Andrea
|
| 260 |
|
|
|a Belvedere Meridionale
|b Szeged
|c 2017
|
| 300 |
|
|
|a 139
|c 21 cm
|
| 300 |
|
|
|a 1-139
|c 21 cm
|
| 561 |
|
|
|a Belvedere Meridionale kötetek
|
| 650 |
|
4 |
|a Társadalomtudományok
|
| 650 |
|
4 |
|a Oktatástudomány
|
| 695 |
|
|
|a Nyelvoktatás - tanulmányok, Angol nyelv tanítása - módszer, Nyelvtanítás
|
| 856 |
4 |
0 |
|u http://acta.bibl.u-szeged.hu/58527/1/2017%20_andrea_puskas_assessing_young_learners.pdf
|z Dokumentum-elérés
|